000 00578ntaaa2200193 4500
003 01
005 20251027202110.0
008 0714s1973 ag 01
040 _aAR-BaBN
_bspa
_cAR-BaBN
_eaacr
_dRIC
082 _a252.0600 B81
245 _aMore southern baptist preaching
250 _a1 ed.
260 _aNashville :
_bBroadman Press,
_cc1964
300 _a165 p
500 _aCollection of 18 sermons by Baptist preachers. With each sermon the author gives his own "how I prepare my sermons"
650 _ahomilética
_91351
700 _aBrown Jr.c,
_919483
942 _cBK
999 _c15856
_d15856